Halsey- Bells in Santa Fe (All Lyrics) - Statistics

General Stats
  • This quiz has been taken 69 times
    65 since last reset
  • The average score is 259 of 300
Answer Stats
Lyrics % Correct
a
100%
All
100%
all
100%
by
100%
Don't
100%
don't
100%
I
100%
is
100%
is-
100%
me
100%
my
100%
of
100%
the
100%
this
100%
this?
100%
who
100%
you
100%
You
100%
as
97%
in
97%
not
97%
temporary
97%
to
97%
To
97%
Watch
97%
your
97%
away
93%
call
93%
dark
93%
Dark
93%
even
93%
for
93%
name
93%
so
93%
So
93%
Better
90%
better
90%
head
90%
notice
90%
With
90%
won't
90%
bed
86%
could
86%
depart
86%
got
86%
maybe
86%
second
86%
than
86%
bird
83%
it
83%
It's
83%
lips
83%
little
83%
out
83%
wait
83%
wait-
83%
would
83%
fuck
79%
Hell
79%
hold
79%
I'm
79%
Judas
79%
mean
79%
needed
79%
off
79%
sake
79%
weekend
79%
you've
79%
been
76%
bullshit
76%
day
76%
dead
76%
ending
76%
happy
76%
instead
76%
I've
76%
Jesus
76%
man's
76%
three-
76%
without
76%
But
72%
choose
72%
door
72%
keep
72%
Leavin'
72%
really
72%
searching
72%
slip
72%
through
72%
word
72%
'cause
69%
figure
69%
his
69%
five
66%
Four
66%
otherwise
66%
reasons
66%
sort
66%
useless
66%
warm
66%
reckon
59%
defense
55%
fortified
52%
treason
48%
Secondhand
45%
secondhand
45%
ah
41%
headed
41%
Well
41%
thread
24%
No matching quizzes found
Score Distribution
Percent of People with Each Score
Percentile by Number Answered
Your Score History
You have not taken this quiz since the last reset